000 00305 a2200133 4500
001 64364
082 _a515.15 TIE
090 _c37995
_d37995
100 _aTierney J.A
245 _aCalculus and Analytic Geometry
250 _a3
260 _aBoston
_bAllyn and Bacon Inc
_c1975
300 _a720 p.
942 _aNUST-CAE
_k515.15 TIE
999 _c299437
_d299437